00445nam a2200181Ia 4500008004100000020001400041050001400055100002100069245002000090245005200110260001500162260001600177260000900193300001600202300002700218300001000245500000800255170918s9999 xx 000 0 und d a439239230 bC623 1963 aClearly, Beverly aOtis spofford / cBeverly Clearly ; illustrated by Louis Darling. aNew York : bScholastic, c1963 a191 pages : bcolored illustration ; c19cm. a720